00977nam a2200229 a 450000100100000000500170001000800410002702000150006804000250008308200090010824501410011726001060025830000320036450000520039650400270044870000330047570000350050871000690054304900090061295201090062199900170073000002776920200930031100.0110224s2005 dr a 000 0 spa d a9993486825 aDO-SdBNPbspacBNPHU axxxx00aConstruyendo la generación futura mediante la educación en los valores /ccoordinadora Delia de Rodríguez; prólogo Madga Rivera. aSantiago, República Dominicana :bMinisterio de Enseñanza de la Congregación Cristiana.,c2005. aix, 125 p. :bil. ;c28 cm. aLa biblioteca posee el libro 3, año 2005-2006 aBibliografía: p. 1251 aRodríguez, Delia de9527391 aRivera, Magda,epról.9548431 aMinisterio de Enzeñanza de la Congregación Cristiana.954844 aBNPD 0010718PDaPDbPDcCTd2011-04-04iLF1l0oxxxx p27769-10r2020-06-25w2020-06-25yLFPDZNo se presta c27261d27261